000 00587nam a22001817a 4500
005 20180508162747.0
010 _aENG-123005
020 _c499.00
_a9789385288357
035 _aEN-106537
037 _aDBAD/PUB.
082 _a355.02180954
100 _aBhonsle, Anubha
245 _aMother, where's my country? :
_cby Anubha Bhonsle
_bLooking for light in the darkness of Manipur /
260 _aNew Delhi
_bSpeaking Tiger
_c2016
270 _a4381/4, Ansari Road, Daryaganj
_bNew Delhi
_e110002
300 _a250p.
_b21cm(hb)
942 _2ddc
_cEN
_h355.02180954
_mBHO
999 _c151938
_d151938